| 000 | 00751nam a22001337a 4500 | ||
|---|---|---|---|
| 008 | 110616t xxu||||| |||| 00| 0 eng d | ||
| 010 | _aCACAF46 | ||
| 245 | _aCourt of Appeal Criminal Appeal No. 26 OF 2000 Nkojo Murro Vs Uganda | ||
| 260 | _c2000 | ||
| 500 | _aCoram: Hon. Mr. Justice J.P. Berko, JA Hon. Mr. Justice A. Twinomujuni, JA. Hon. Lady Justice C.N.B. Kitumba, JA | ||
| 500 | _aAppeal from the judgement of the High Court of Uganda at Fort Portal Mwangusya, J. dated 4th May 2000 in Criminal Appeal No. DR 2/2000 | ||
| 999 |
_c3085 _d3085 |
||